00797 2200289 4500001002100000005001700021008004100038020001800079035002400097090001700121100001900138245010400157250001000261260002800271300002500299500003500324500001100359650001900370700002200389700002100411850001500432980001500447985000600462986000900468999001500477999001500492YOGYA-0209000003697020090227025208.0 ind  a979-741-508-2 0010-020900000036970 a621.3bGus D aGUSSOW, Milton aDasar-dasar teknik listrikcMilton Gussow ; alih bahasa, Zulkifli Harahap ; editor, H. Wibi Hardani aCet.1 aJakartabErlanggac2004 a133 hlmbilusc21 cm aJudul asli : Basic electricity aIndeks aTeknik Listrik aHarahap, Zulkifli aHardani, H. Wibi aYOPDYOG(B) a04-06-2006 a2 aMrbd a05B0008907 a05B0008908